000 00711nam a2200229 a 4500
003 DO-SdBNP
005 20211005132321.0
007 ta
008 211005e2018 dr a|||fr|||| 00| 0dspa d
020 _a9789945912241
040 _aDO-SdBNP
_bspa
_cBNPHU
082 4 _222
_bG643d
100 1 _aGonzález, Ileana
_980117
245 0 0 _aDecretos de una mujer de guerra /
_bIleana González
260 _aSanto Domingo :
_bPublicaciones Libertad,
_c2018
300 _a131 p :
_bil. ;
_c21 cm.
500 _aIncluye datos biográficos de la autora en la contracubierta.
590 _aInventariado 2021 / MF
650 0 _94602
_aEspiritualidad
_xFilosofía de la religión
910 _aM Féliz
942 _2ddc
_cLBS1
999 _c50704
_d50704